Entry Personal Name
001 - CONTROL NUMBER
- control field: 3475
003 - CONTROL NUMBER IDENTIFIER
- control field: AM-YEHGA
005 - DATE AND TIME OF LATEST TRANSACTION
- control field: 20250617070444.0
008 - FIXED-LENGTH DATA ELEMENTS
- fixed length control field: 080401 a|ac|n|aab| |a |n| |d
040 ## - CATALOGING SOURCE
- Original cataloging agency: AM-YEHGA
100 1# - HEADING--PERSONAL NAME
- Personal name: Իոսիֆյան, Անդրոնիկ Ղևոնդի,
- Dates associated with a name: 1905-1993
370 ## - ASSOCIATED PLACE
- Place of birth: գ. Ծմակահող (ԼՂՀ, Մարտակերտի շրջանի)
- Place of death: ք. Մոսկվա (Ռուսաստան)
372 ## - FIELD OF ACTIVITY
- Field of activity: Ճարտարագիտություն
- Field of activity: Էլեկտրատեխնիկա
373 ## - ASSOCIATED GROUP
- Associated group: Ադրբեջանի պոլիտեխնիկական ինստիտուտ
- Start period: 1925
- End period: 1930
374 ## - OCCUPATION
- Occupation: Ճարտարագետ
- Occupation: Էլեկտրատեխնիկ
375 ## - GENDER
- Gender: Արական
400 1# - SEE FROM TRACING--PERSONAL NAME
- Personal name: Իոսիֆյան, Ա. Ղ.
- Fuller form of name: (Անդրոնիկ Ղևոնդի),
- Dates associated with a name: 1905-1993
400 1# - SEE FROM TRACING--PERSONAL NAME
- Personal name: Իոսիֆյան, Անդրոնիկ,
- Fuller form of name: (Անդրանիկ),
- Dates associated with a name: 1905-1993
400 1# - SEE FROM TRACING--PERSONAL NAME
- Personal name: Իոսիֆյան, Անդրոնիկ Ղևոնդի,
- Dates associated with a name: 1905-1993
400 1# - SEE FROM TRACING--PERSONAL NAME
- Personal name: Իոսիֆյան, Անդրանիկ Ղևոնդի,
- Dates associated with a name: 1905-1993
400 1# - SEE FROM TRACING--PERSONAL NAME
- Personal name: Иосифьян, Андроник Гевондович,
- Dates associated with a name: 1905-1993
400 1# - SEE FROM TRACING--PERSONAL NAME
- Personal name: Иосифьян, Андроник Гевондович,
- Fuller form of name: (Андраник Гевондович),
- Dates associated with a name: 1905-1993
400 1# - SEE FROM TRACING--PERSONAL NAME
- Personal name: Иосифьян, А. Г.
- Fuller form of name: (Андроник Гевондович),
- Dates associated with a name: 1905-1993
400 1# - SEE FROM TRACING--PERSONAL NAME
- Personal name: Iosifyan, Andronik Ghevondi,
- Dates associated with a name: 1905-1993
670 ## - SOURCE DATA FOUND
- Uniform Resource Identifier: https://hy.wikipedia.org/wiki/Անդրանիկ Իոսիֆյան
670 ## - SOURCE DATA FOUND
- Uniform Resource Identifier: http://surl.li/hhpif
670 ## - SOURCE DATA FOUND
- Source citation: Ով ով է, հայեր. կենսագրական հանարագիտարան, հ. 1, 2007 :
- Information found: Իոսիֆյան Անդրոնիկ Ղևոնդի (8(21).7.1905, գ. Ծմակահող (ԼՂՀ) - 13.4.1993, Մոսկվա), ճարտարագետ-էլեկտրատեխնիկ ։ Տեխ. գիտ. դ-ր (1941), պրոֆ. (1941), ՀԽՍՀ ԳԱ անդամ (1950, թղթ. անդամ՝ 1946), ՀԽՍՀ (1962), Ուկրաինայի (1965) գիտ. և տեխ. վաստ. գործիչ, ՀԽՍՀ ԳԽ պատգմ. (1980-1989)։ Պարգևատրվել է Լենինի (4), Աշխատանքային Կարմիր դրոշի (2) շքանշաններով։ Լենինյան (1970) և ԽՍՀՄ պետ. (1950, 1979) մրցանակների դափնեկիր։ Սոց. աշխատանքի հերոս (1961) :
670 ## - SOURCE DATA FOUND
- Source citation: Էլեկտրամեխանիկան տիեզերքում, 1979 :
- Information found: տիտղթ. (Անդրանիկ Ղևոնդի Իոսիֆյան)
670 ## - SOURCE DATA FOUND
- Source citation: Կյանքի էջերից, 2005 :
- Information found: տիտղթ. (Անդրանիկ Իոսիֆյան)
670 ## - SOURCE DATA FOUND
- Source citation: Կոմունիզմի մեծ կառուցումները և սովետական գիտության ու տեխնիկայի խնդիրները, 1952 :
- Information found: տիտղթ. (Ա.Ղ. Իոսիֆյան)
670 ## - SOURCE DATA FOUND
- Source citation: Вопросы электромеханики, 1975 :
- Information found: т. л. (Андроник Гевондович Иосифьян)
670 ## - SOURCE DATA FOUND
- Source citation: Вопросы единой теории электромагнитного и гравитационно-инерциального полей, 1959 :
- Information found: т. л. (Андраник Гевондович Иосифьян)
670 ## - SOURCE DATA FOUND
- Source citation: Определение экономической эффективности новой техники в электротехнической промышленности, 1962 :
- Information found: т. л. (А.Г. Иосифьян)
ՀՀ Գիտությունների ազգային ակադեմիայի հիմնարար գիտական գրադարան = Fundamental Scientific Library of NAS RA
All site content, except where otherwise noted, is licensed under a